駅名に「中央」が含まれる日本の鉄道駅 - Statistics

General Stats
  • This quiz has been taken 248 times
  • The average score is 17 of 39
Answer Stats
市町村 Answer % Correct
横須賀市 横須賀中央
85%
千葉市 千葉中央
82%
鹿児島市 鹿児島中央
81%
三郷市 三郷中央
77%
八千代市 八千代中央
76%
前橋市 中央前橋
74%
和泉市 和泉中央
69%
弘前市 中央弘前
67%
仙台市 泉中央
67%
佐世保市 佐世保中央
67%
大和市 中央林間
66%
伊奈町 伊奈中央
65%
印西市 千葉ニュータウン中央
65%
紫波町 紫波中央
60%
碧南市 碧南中央
55%
新宮町 新宮中央
53%
横浜市 いずみ中央
51%
鹿児島市 鹿児島中央駅前
49%
豊中市 千里中央
43%
三田市 ウッディタウン中央
43%
須恵町 須恵中央
42%
札幌市 発寒中央
41%
八王子市 中央大学・明星大学
41%
神戸市 西神中央
40%
東大阪市 高井田中央
31%
猪名川町 日生中央
31%
横浜市 港南中央
30%
函館市 中央病院前
16%
札幌市 月寒中央
15%
札幌市 中央区役所前
15%
札幌市 中央図書館前
15%
宇都宮市 ゆいの杜中央
14%
神戸市 中央市場前
14%
横浜市 並木中央
12%
浜松市 美薗中央公園
12%
広島市 伴中央
11%
宇都宮市 平石中央小学校前
7%
四日市市 北勢中央公園口
7%
岡山市 東中央町
2%
No matching quizzes found
Score Distribution
Percent of People with Each Score
Percentile by Number Answered
Your Score History
You have not taken this quiz